<?xml version="1.0" encoding="UTF-8"?>
<collection xmlns="http://www.loc.gov/MARC21/slim">
 <record>
  <leader>01562nam a2200217Ia 4500</leader>
  <controlfield tag="001">TDMU_20458</controlfield>
  <controlfield tag="008">210410s9999    xx            000 0 und d</controlfield>
  <datafield tag="082" ind1=" " ind2=" ">
   <subfield code="a">305.895924</subfield>
  </datafield>
  <datafield tag="090" ind1=" " ind2=" ">
   <subfield code="b">B510</subfield>
  </datafield>
  <datafield tag="100" ind1=" " ind2=" ">
   <subfield code="a">Bùi, Hy Vọng</subfield>
  </datafield>
  <datafield tag="245" ind1=" " ind2="0">
   <subfield code="a">Làng Mường ở Hòa Bình</subfield>
  </datafield>
  <datafield tag="245" ind1=" " ind2="0">
   <subfield code="c">Bùi Hy Vọng</subfield>
  </datafield>
  <datafield tag="260" ind1=" " ind2=" ">
   <subfield code="a">H.</subfield>
  </datafield>
  <datafield tag="260" ind1=" " ind2=" ">
   <subfield code="b">Văn hóa thông tin</subfield>
  </datafield>
  <datafield tag="260" ind1=" " ind2=" ">
   <subfield code="c">2014</subfield>
  </datafield>
  <datafield tag="300" ind1=" " ind2=" ">
   <subfield code="a">359 tr.</subfield>
  </datafield>
  <datafield tag="520" ind1=" " ind2=" ">
   <subfield code="a">TM tài liệu tham khảo tr. 353 - 354; Gồm: Giới thiệu khái quát về đặc điểm, vị trí địa lí vùng người Mường sinh sống, lịch sử dân tộc từ thưở khai sinh lập địa và văn hóa Mường; điểm lược sử nghiên cứu về dân tộc Mường; làng Mường (tên gọi, lịch sử hình thành, phong thủy, cấu trúc bên trong các làng Mường truyền thống, quan hệ trong làng Mường; nhà sàn Mường (lịch sử hình thành, vật liệu làm nhà sàn, các bộ phận, cấu trúc khung đỡ nhà sàn).</subfield>
  </datafield>
  <datafield tag="650" ind1=" " ind2=" ">
   <subfield code="a">Văn hóa dân gian</subfield>
   <subfield code="x">Dân tộc Mường</subfield>
   <subfield code="z">Hòa Bình (Việt Nam); Dân tộc Mường</subfield>
   <subfield code="x">Văn hóa</subfield>
   <subfield code="z">Hòa Bình (Việt Nam); Hòa Bình (Việt Nam)</subfield>
   <subfield code="x">Văn hóa</subfield>
   <subfield code="x">Dân tộc Mường</subfield>
  </datafield>
  <datafield tag="700" ind1=" " ind2=" ">
   <subfield code="a">Hội Văn nghệ dân gian Việt Nam</subfield>
  </datafield>
  <datafield tag="856" ind1=" " ind2=" ">
   <subfield code="u">http://lrc.tdmu.edu.vn/opac/search/detail.asp?aID=2&amp;ID=20458</subfield>
  </datafield>
  <datafield tag="980" ind1=" " ind2=" ">
   <subfield code="a">Trung tâm Học liệu Trường Đại học Thủ Dầu Một</subfield>
  </datafield>
 </record>
</collection>
